000 00788nam a22002657a 4500
001 BR9600846
003 BR-BrBNA
005 20230928094926.0
007 ta
008 230509b bl.||||| |||| 00| 0 por d
040 _aBR-BrBNA
_bpor
_cBiblioteca Nacional de Agricultura
041 _a(Por)
072 _aP06
_b8961
090 _ 8961 BR9600846
110 1 _aBanco do Nordeste do Brasil S.A., Fortaleza, CE (Brasil). Depto. de Estudos Economicos do Nordeste
_91142
245 1 _aPossibilidades de producao de alcool anidro da mandioca no Nordeste
260 3 _aFortaleza, CE (Brasil):
_c1975.
300 _a28 p.
500 _a3 tables
650 _aAlcool Anidro
650 _aMandioca
650 _aRegiao Nordeste
909 _a202309
_bLucia
_c55
_dLucia Elande
942 _cBK
999 _c53473
_d53473